[Event "World Open 2009"]
[Site "Philadelphia"]
[Date "2009.07.04"]
[Round "7"]
[White "Tuhrim, Richard"]
[Black "Sloan, Sam"]
[Result "1-0"]
[WhiteElo "2106"]
[BlackElo "1901"]
[PlyCount "87"]
[EventDate "2009.07.??"]
[EventType "swiss"]
[EventRounds "9"]
[EventCountry "USA"]
[SourceDate "2009.07.02"]

1. e4 e5 2. Nf3 f6 3. d4 d5 4. dxe5 dxe4 5. Qxd8+ Kxd8 6. Nfd2 fxe5 7. Nxe4 Nf6
8. Bg5 Be7 9. Nbc3 c6 10. O-O-O+ Kc7 11. Bd3 Be6 12. Rhe1 Nbd7 13. a3 Rae8 14.
Nd2 h6 15. Bh4 Rhf8 16. Bg3 Nd5 17. Nxd5+ Bxd5 18. Bg6 Rd8 19. f3 Rf6 20. Bd3
g5 21. Rxe5 Bd6 22. Re2 Bxg3 23. hxg3 Nc5 24. Bc4 Rd7 25. Bxd5 cxd5 26. Nf1 Na4
27. Ne3 Nb6 28. Red2 Kc6 29. g4 Kc5 30. b3 Kc6 31. a4 a5 32. Kb2 Rdd6 33. Nf5
Rd7 34. Rh1 Rh7 35. Kc3 Kc5 36. Re2 d4+ 37. Kd3 Nd5 38. Re5 Kc6 39. Kxd4 Nf4
40. Rxa5 Nxg2 41. Rc5+ Kb6 42. Rb5+ Kc6 43. Ke5 Rf8 44. Nd4+ 1-0

[Event "World Open 2009"]
[Site "Philadelphia"]
[Date "2009.07.04"]
[Round "8"]
[White "Homa, Seth"]
[Black "Lapshun, Yury"]
[Result "0-1"]
[WhiteElo "2302"]
[BlackElo "2509"]
[PlyCount "74"]
[EventDate "2009.07.??"]
[EventType "swiss"]
[EventRounds "9"]
[EventCountry "USA"]
[SourceDate "2009.07.02"]

1. e4 c5 2. Nf3 e6 3. d4 cxd4 4. Nxd4 Nf6 5. Nc3 Qb6 6. Nb3 Bb4 7. Bd3 Bxc3+ 8.
bxc3 d6 9. O-O Nbd7 10. Be3 Qc7 11. c4 b6 12. Qe2 Bb7 13. Nd2 O-O 14. f4 Rac8
15. Rae1 Nc5 16. Bd4 e5 17. Ba1 Nfd7 18. Qg4 f6 19. f5 b5 20. Qe2 Nxd3 21. cxd3
Ba6 22. Rc1 Nb6 23. cxb5 Qxc1 24. Rxc1 Rxc1+ 25. Nf1 Bxb5 26. Qb2 Rfc8 27. Qb3+
Nc4 28. Bb2 Rb1 29. Qxb5 Ne3 30. h3 Rxf1+ 31. Kh2 Rf2 32. Kg3 Rfc2 33. Ba3 Nxg2
34. Bxd6 Ne1 35. h4 Nxd3 36. Bb4 Nxb4 37. Qxb4 h5 0-1

[Event "World Open 2009"]
[Site "Philadelphia"]
[Date "2009.07.04"]
[Round "8"]
[White "Kraai, Jesse"]
[Black "Kudrin, Sergey"]
[Result "1/2-1/2"]
[WhiteElo "2531"]
[BlackElo "2623"]
[PlyCount "72"]
[EventDate "2009.07.??"]
[EventType "swiss"]
[EventRounds "9"]
[EventCountry "USA"]
[SourceDate "2009.07.02"]

1. Nf3 c5 2. c4 Nc6 3. Nc3 e5 4. e3 Nf6 5. Qc2 g6 6. b3 Bg7 7. Bb2 O-O 8. a3
Re8 9. d3 b6 10. Nd5 d6 11. Nd2 Be6 12. Nxf6+ Bxf6 13. Ne4 Bg7 14. Nc3 Ne7 15.
Be2 Rc8 16. Bf3 d5 17. cxd5 Nxd5 18. Nxd5 Bxd5 19. Bxd5 Qxd5 20. e4 Qd7 21. O-O
Rc6 22. Rad1 Rd6 23. Rfe1 Bh6 24. Kf1 Rd8 25. Bxe5 Rxd3 26. Rxd3 Qxd3+ 27. Qxd3
Rxd3 28. Rb1 Bg7 29. Bxg7 Kxg7 30. Ke2 c4 31. bxc4 Rxa3 32. Rc1 Ra5 33. Ke3 Kf6
34. Rc2 g5 35. Kd4 Ke6 36. Rb2 h6 1/2-1/2

[Event "World Open 2009"]
[Site "Philadelphia"]
[Date "2009.07.04"]
[Round "8"]
[White "Rohde, Michael"]
[Black "Stocek, Jiri"]
[Result "0-1"]
[WhiteElo "2534"]
[BlackElo "2702"]
[PlyCount "100"]
[EventDate "2009.07.??"]
[EventType "swiss"]
[EventRounds "9"]
[EventCountry "USA"]
[SourceDate "2009.07.02"]

1. Nf3 Nf6 2. c4 e6 3. Nc3 Bb4 4. Qc2 O-O 5. e4 d6 6. g3 Nc6 7. Bg2 d5 8. e5
Nd7 9. cxd5 Ncxe5 10. Nxe5 Nxe5 11. O-O exd5 12. Nxd5 Bd6 13. d4 Nc6 14. Be3
Re8 15. a3 Bg4 16. h3 Be6 17. Nc3 Ne7 18. Bxb7 Bxh3 19. Bxa8 Qxa8 20. Qe4 Bxf1
21. Qxa8 Rxa8 22. Kxf1 f6 23. Ke2 a5 24. Nb5 Kf7 25. Rc1 Nd5 26. Bd2 h5 27. Kd3
Ke6 28. Kc4 c6 29. Re1+ Kd7 30. Nxd6 Kxd6 31. b3 a4 32. bxa4 Rxa4+ 33. Bb4+
Nxb4 34. axb4 Ra3 35. Rh1 g6 36. g4 hxg4 37. Rh6 Ke6 38. Rxg6 Kf5 39. Rg8 Ra2
40. Kc5 Rc2+ 41. Kd6 Rc4 42. b5 cxb5 43. d5 Rc2 44. Ke7 Re2+ 45. Kf7 Rd2 46.
Rg6 Rxd5 47. Rxf6+ Ke4 48. Ke6 Rd4 49. Rf8 b4 50. Rb8 Kd3 0-1

[Event "World Open 2009"]
[Site "Philadelphia"]
[Date "2009.07.04"]
[Round "8"]
[White "Sloan, Sam"]
[Black "Hook, WIlliam"]
[Result "0-1"]
[WhiteElo "1901"]
[BlackElo "2200"]
[PlyCount "92"]
[EventDate "2009.07.??"]
[EventType "swiss"]
[EventRounds "9"]
[EventCountry "USA"]
[SourceDate "2009.07.02"]

1. g4 d5 2. Bg2 e5 3. c4 d4 4. d3 c5 5. h3 Ne7 6. b4 cxb4 7. a3 Ng6 8. Nf3 Nc6
9. O-O bxa3 10. Nxa3 Bc5 11. Bg5 f6 12. Bd2 O-O 13. Qa4 Qe7 14. Rfb1 Rb8 15.
Nc2 Bd7 16. Qb3 f5 17. gxf5 Bxf5 18. Ng5 Nf4 19. Bxf4 exf4 20. h4 Ne5 21. Bxb7
Kh8 22. Ra5 h6 23. Qb5 Nxd3 24. exd3 Bxd3 25. Qxc5 Qxc5 26. Rxc5 hxg5 27. Rxg5
g6 28. Rbb5 Bxc2 29. h5 Rf6 30. Kg2 Rxb7 31. Rxb7 Be4+ 32. f3 Bxb7 33. hxg6 Kg7
34. Kf2 Rxg6 35. Rc5 Rb6 36. Rc7+ Kf6 37. Ke2 Rb3 38. c5 Bxf3+ 39. Kd2 Rc3 40.
Rxa7 Be4 41. Ra4 Ke5 42. Ra5 f3 43. Ke1 Kf4 44. Kf2 Rc2+ 45. Ke1 Ke3 46. Ra3+
d3 0-1

[Event "World Open 2009"]
[Site "Philadelphia"]
[Date "2009.07.04"]
[Round "8"]
[White "Vaughan, John"]
[Black "Campiz, Leonardo"]
[Result "1/2-1/2"]
[WhiteElo "1937"]
[BlackElo "2179"]
[PlyCount "38"]
[EventDate "2009.07.??"]
[EventType "swiss"]
[EventRounds "9"]
[EventCountry "USA"]
[SourceDate "2009.07.02"]

1. c4 e6 2. Nf3 Nf6 3. g3 b6 4. Bg2 Bb7 5. O-O c5 6. b3 Be7 7. Bb2 O-O 8. e3 d6
9. Qc2 Nbd7 10. d4 cxd4 11. exd4 Re8 12. Nbd2 Bf8 13. Rfe1 Qc7 14. Rad1 g6 15.
Rc1 Bg7 16. h3 Rad8 17. a3 Qb8 18. b4 Rc8 19. Qd3 Qa8 1/2-1/2

[Event "World Open 2009"]
[Site "Philadelphia"]
[Date "2009.07.05"]
[Round "9"]
[White "Gittrich, Dennis"]
[Black "Sloan, Sam"]
[Result "0-1"]
[WhiteElo "1832"]
[BlackElo "1901"]
[PlyCount "70"]
[EventDate "2009.07.??"]
[EventType "swiss"]
[EventRounds "9"]
[EventCountry "USA"]
[SourceDate "2009.07.02"]

1. d4 d5 2. c4 e5 3. dxe5 d4 4. Nf3 Nc6 5. g3 Be6 6. b3 Qd7 7. Bg2 Nge7 8. Bb2
Ng6 9. Nxd4 Bb4+ 10. Kf1 Rd8 11. e3 Ngxe5 12. Qc2 O-O 13. Nxe6 fxe6 14. a3 Ng4
15. Kg1 Rxf2 16. Qxf2 Nxf2 17. Kxf2 Rf8+ 18. Ke2 Bd6 19. Nd2 Be5 20. Bxc6 Qxc6
21. Bxe5 Qg2+ 22. Kd3 Rd8+ 23. Bd4 e5 24. Rag1 Qc6 25. Rf1 exd4 26. exd4 Qg6+
27. Ne4 Qb6 28. d5 Qxb3+ 29. Nc3 b5 30. Rb1 Qxc4+ 31. Kd2 Rf8 32. Rbc1 Rf2+ 33.
Ke3 Qc5+ 34. Ke4 Qe7+ 35. Kd4 c5+ 0-1

[Event "World Open 2009"]
[Site "Philadelphia"]
[Date "2009.07.05"]
[Round "9"]
[White "Kaminski, Victor"]
[Black "Homa, Seth"]
[Result "1-0"]
[WhiteElo "2473"]
[BlackElo "2302"]
[PlyCount "83"]
[EventDate "2009.07.??"]
[EventType "swiss"]
[EventRounds "9"]
[EventCountry "USA"]
[SourceDate "2009.07.02"]

1. d4 d5 2. Nf3 Nf6 3. Bf4 c5 4. c3 cxd4 5. cxd4 Nc6 6. Nc3 Nh5 7. Bd2 e6 8. e3
g6 9. Bb5 Bd7 10. Rc1 f5 11. Ne5 Bd6 12. Nxd7 Qxd7 13. Na4 Rc8 14. Nc5 Qe7 15.
Qa4 O-O 16. Nd3 Qc7 17. Bxc6 bxc6 18. Bb4 Rf7 19. Bxd6 Qxd6 20. O-O Nf6 21. Rc2
Ng4 22. g3 g5 23. Rfc1 Rfc7 24. Qb4 Qd8 25. h3 Nf6 26. Ne5 Qe8 27. Qa4 Nd7 28.
Rxc6 Nxe5 29. Rxc7 Nf3+ 30. Kg2 Ne1+ 31. Rxe1 Qxa4 32. Rxc8+ Kg7 33. Rec1 h5
34. R1c7+ Kg6 35. Rg8+ Kf6 36. Rf8+ Kg6 37. Re7 Qa6 38. Rfe8 Qe2 39. Rxe6+ Kf7
40. R8e7+ Kf8 41. Rxa7 g4 42. hxg4 1-0

[Event "World Open 2009"]
[Site "Philadelphia"]
[Date "2009.07.05"]
[Round "9"]
[White "Perelshteyn, Eugene"]
[Black "Korley, Kassa"]
[Result "1-0"]
[WhiteElo "2588"]
[BlackElo "2209"]
[PlyCount "97"]
[EventDate "2009.07.??"]
[EventType "swiss"]
[EventRounds "9"]
[EventCountry "USA"]
[SourceDate "2009.07.02"]

1. d4 Nf6 2. c4 g6 3. Nc3 d5 4. cxd5 Nxd5 5. Bd2 Nb6 6. Bg5 Bg7 7. e3 O-O 8.
Be2 Be6 9. Nf3 c6 10. O-O N8d7 11. h3 Nf6 12. e4 Bc4 13. Bxc4 Nxc4 14. Qe2 Nb6
15. a4 h6 16. Be3 a6 17. Rfd1 e6 18. Rac1 Rc8 19. b3 Nbd7 20. b4 Qe7 21. Rb1
Rfd8 22. e5 Nd5 23. Ne4 f5 24. exf6 N7xf6 25. Nxf6+ Qxf6 26. Bd2 Rf8 27. Re1
Rce8 28. Qe4 Qf5 29. b5 axb5 30. axb5 Nf6 31. Qe2 Nd7 32. bxc6 bxc6 33. Rbc1
Qd5 34. Qe4 Qxe4 35. Rxe4 Nb8 36. Bf4 Kf7 37. Bd6 Rh8 38. Rf4+ Kg8 39. Bxb8
Rxb8 40. Rxc6 Re8 41. Rc7 Rf8 42. Re4 Re8 43. d5 e5 44. Nd4 Rh7 45. Nc6 g5 46.
d6 Re6 47. d7 Bf6 48. d8=Q+ Bxd8 49. Nxd8 1-0

[Event "World Open 2009"]
[Site "Philadelphia"]
[Date "2009.07.05"]
[Round "9"]
[White "Ramirez, Alejandro"]
[Black "Bartell, Thomas"]
[Result "1-0"]
[WhiteElo "2585"]
[BlackElo "2407"]
[PlyCount "77"]
[EventDate "2009.07.??"]
[EventType "swiss"]
[EventRounds "9"]
[EventCountry "USA"]
[SourceDate "2009.07.02"]

1. d4 Nf6 2. c4 e6 3. Nc3 Bb4 4. e3 b6 5. Bd3 Bb7 6. Nf3 O-O 7. O-O Bxc3 8.
bxc3 Ne4 9. Nd2 Nxd2 10. Bxd2 f5 11. f3 Qh4 12. Qe2 Nc6 13. Be1 Qh5 14. Bg3
Rac8 15. Rab1 Nd8 16. c5 bxc5 17. Rxb7 Nxb7 18. Ba6 Nd6 19. Bxc8 Rxc8 20. Qa6
Qe8 21. dxc5 Nf7 22. Qxa7 e5 23. e4 f4 24. Bf2 Ra8 25. Qxc7 Rxa2 26. Rd1 Ra8
27. h4 Rd8 28. c6 dxc6 29. Rxd8 Qxd8 30. Qxc6 h5 31. c4 Qd1+ 32. Kh2 Qe2 33.
Qe8+ Kh7 34. Qxf7 Qxf2 35. Qxh5+ Kg8 36. Qg5 Kf7 37. h5 Kf8 38. c5 Qxc5 39.
Qd8+ 1-0

[Event "World Open 2009"]
[Site "Philadelphia"]
[Date "2009.07.05"]
[Round "9"]
[White "Tayar, Jonathan"]
[Black "Rensch, Daniel"]
[Result "1/2-1/2"]
[WhiteElo "2392"]
[BlackElo "2434"]
[PlyCount "101"]
[EventDate "2009.07.??"]
[EventType "swiss"]
[EventRounds "9"]
[EventCountry "USA"]
[SourceDate "2009.07.02"]

1. e4 c5 2. Nf3 d6 3. d4 cxd4 4. Nxd4 Nf6 5. Nc3 a6 6. Bg5 e6 7. f4 Nc6 8. e5
h6 9. Bh4 g5 10. fxg5 Nd5 11. Nxc6 bxc6 12. Ne4 Qb6 13. Bd3 hxg5 14. Bxg5 Qxb2
15. c4 Qxe5 16. cxd5 Bg7 17. O-O Qxh2+ 18. Kf2 f5 19. Qa4 O-O 20. Nd2 f4 21.
Nf3 Qg3+ 22. Kg1 Bxa1 23. Rxa1 cxd5 24. Qc6 Ra7 25. Qxd6 Rg7 26. Qe5 Bd7 27.
Rc1 Qg4 28. Rc7 a5 29. Bc2 Qh5 30. Bf6 Qxe5 31. Bxe5 Rc8 32. Rxc8+ Bxc8 33.
Bxg7 Kxg7 34. Ne5 Kf6 35. Nc6 e5 36. Nxa5 e4 37. Kf2 Ke5 38. Nb3 Bd7 39. Ke1
Bb5 40. Bd1 d4 41. Bh5 d3 42. Bg6 e3 43. Bh5 Bc4 44. Bf3 Bxb3 45. axb3 Kd4 46.
b4 Kc4 47. Be4 d2+ 48. Kd1 Kxb4 49. Bf3 Kc3 50. Be2 Kd4 51. Bf3 1/2-1/2